00452nam a22001577a 4500003000400000020001800004082001700022100001900039245004000058260003300098300000700131650001900138942001200157952010800169999001700277SGT a9788198864468 a617.69bI25A aAtreja, Preeti aImplants in Anterior aesthetic zone bHeal Talk Publicationsc2025 a76 aProsthodontics 2ddccBK 00102ddc4070aFDbFDd2026-02-24iSGTUl0o617.69 I25ApFd10190r2026-02-24 00:00:00w2026-02-24yBK c34199d34199